Music Quiz

Random Music or Rock Quiz

Clickable Album Match: The Who Quiz Stats

 Plays Quiz not verified by Sporcle

Challenge
Share
Tweet
Embed
Score 0/25 Timer 05:00
0 Plays Today
% Correct
Who's Next
94.9%
Tommy
94.9%
Tommy
94.9%
Who's Next
91.5%
Who Are You
91.5%
Quadrophenia
89.8%
Quadrophenia
86.4%
My Generation
86.4%
Who's Next
84.7%
Tommy
84.7%
Tommy
84.7%
Quadrophenia
83.1%
My Generation
81.4%
% Correct
Who's Next
78%
Who Are You
78%
Quadrophenia
76.3%
My Generation
76.3%
Tommy
74.6%
Quadrophenia
71.2%
Who Are You
71.2%
Who's Next
64.4%
My Generation
62.7%
My Generation
61%
Who Are You
61%
Who Are You
42.4%

You're not logged in!

Compare scores with friends on all Sporcle quizzes.
OR
Log In

You Might Also Like...

Show Comments

Extras

Top Quizzes Today


Score Distribution

Your Account Isn't Verified!

In order to create a playlist on Sporcle, you need to verify the email address you used during registration. Go to your Sporcle Settings to finish the process.

Report this User

Report this user for behavior that violates our Community Guidelines.

Details: